Silvas /

Guardado en:
Bibliografiske detaljer
Hovedforfatter: Martín del Campo, Alfredo H. (autor)
Andre forfattere: Moreno González, Alfredo (epílogo) (epílogo)
Format: Bog
Sprog:spansk
Fag:
Tags: Tilføj Tag
Ingen Tags, Vær først til at tagge denne postø!

MARC

LEADER 00000nam^a2200000^a^4500
001 000271854
005 20250521000000.0
009 20260310111041.545
037 |a Acervo Xavier Clavigero 
041 |a ESP 
082 |a 861.  |b MAR 
100 |a Martín del Campo, Alfredo H.  |e (autor) 
245 1 0 |a Silvas /  |c A.H. Martín del Campo ; pról. de J. Antonio Jaime Sandoval ; epílogo de A. Moreno González. 
246 2 |a Título en la cubierta: Desde Puerto Vallarta: Silvas: estrofas y estancias 
264 |a México :  |b editorial no identificada,  |c 1998 
300 |a 131 p. 
336 |a texto  |b txt  |2 rdacontenido 
337 |a sin mediación  |b n  |2 rdamedio 
338 |a volumen  |b nc  |2 rdasoporte 
649 |a XX 
650 |a Poesía Mexicana 
650 |a Literatura Mexicana -  |y Siglo XX 
700 |a Moreno González, Alfredo  |e (epílogo) 
910 |a Fondo General 
920 |a Impresos - Libros 
930 |a Colección General 
940 |a Literatura 
905 |a 101 
901 |a 0500157465  |b IT1  |c LIT  |u 20250521 
902 |a https://opac.biblio.iteso.mx/vufind/Record/000271854